000
00298nam a2200121Ia 4500
008
190216s9999||||xx |||||||||||||| ||und||
100
_a
Bhu Dev Sharma
245
0
_a
Differential Equations For Honours
260
_b
Kedernath Ramnath
_c
1963
300
_a
124p
650
_a
Mathematics
942
_c
BK
999
_c
30785
_d
30785